Every Song by Def Leppard - Statistics

General Stats
  • This quiz has been taken 59 times
    47 since last reset
  • The average score is 36 of 154
Answer Stats
Album Song % Correct
Hysteria(1987) Hysteria
96%
Pyromania(1983) Photograph
88%
Hysteria(1987) Pour Some Sugar on Me
81%
Songs from the Sparkle Lounge(2008) Love
77%
Hysteria(1987) Love Bites
77%
Hysteria(1987) Armageddon It
73%
Slang(1996) Slang
73%
Hysteria(1987) Animal
69%
High n' Dry(1981) High 'n' Dry(Saturday Night)
69%
Adrenalize(1992) Let's Get Rocked
69%
Hysteria(1987) Rocket
69%
Best of(2004) Women
69%
Pyromania(1983) Foolin'
65%
Songs from the Sparkle Lounge(2008) Go
65%
Pyromania(1983) Rock of Ages
65%
High n' Dry(1981) Bringin' on the Heartbreak
62%
Hysteria(1987) Gods of War
62%
High n' Dry(1981) On Through the Night
62%
On Through the Night(1980) Hello America
54%
Best of(2004) Two Steps Behind
54%
High n' Dry(1981) Let it Go
50%
Retro Active(1993) Action
46%
Pyromania(1983) Billy's Got a Gun
46%
Hysteria(1987) Don't Shoot Shotgun
46%
Adrenalize(1992) Have You Ever Needed Someone So Bad
46%
Hysteria(1987) Love and Affection
46%
Adrenalize(1992) Make Love Like a Man
46%
Pyromania(1983) Rock! Rock!(Till You Drop)
46%
Hysteria(1987) Run Riot
46%
Adrenalize(1992) White Lightning
46%
Hysteria(1987) Excitable
42%
Diamond Star Halos(2022) Kick
42%
Pyromania(1983) Too Late for Love
42%
Pyromania(1983) Action! Not Words
38%
Pyromania(1983) Die Hard the Hunter
38%
Euphoria(1999) Promises
38%
Pyromania(1983) Stagefright
38%
High n' Dry(1981) Switch 625
38%
Adrenalize(1992) Stand Up(Kick Love Into Motion)
35%
Adrenalize(1992) Tear It Down
35%
On Through the Night(1980) Wasted
35%
Vault: Def Leppard Greatest Hits (1980–1995)(1995) When Love & Hate Collide
35%
Hysteria(1987) Woman
35%
Pyromania(1983) Comin' Under Fire
31%
Adrenalize(1992) Heaven Is
31%
High n' Dry(1981) Lady Strange
31%
High n' Dry(1981) Mirror, Mirror(Look into My Eyes)
31%
The Def Leppard E.P.(1979) The Overture
31%
Adrenalize(1992) I Wanna Touch U
27%
Songs from the Sparkle Lounge(2008) Nine Lives
27%
On Through the Night(1980) Overture
27%
On Through the Night(1980) Rock Brigade
27%
On Through the Night(1980) Answer to the Master
23%
Def Leppard(2015) Dangerous
23%
Def Leppard(2015) Let's Go
23%
X(2002) Long, Long Way to Go
23%
Def Leppard(2015) Man Enough
23%
Non-Album(1981) Me & My Wine
23%
High n' Dry(1981) No No No
23%
Best of(2004) | X(2002) Now
23%
Euphoria(1999) Paper Sun
23%
Adrenalize(1992) Personal Property
23%
The Def Leppard E.P.(1979) Ride into the Sun
23%
On Through the Night(1980) Satellite
23%
On Through the Night(1980) Sorrow is a Woman
23%
Adrenalize(1992) Tonight
23%
High n' Dry(1981) Another Hit and Run
19%
Retro Active(1993) Desert Song
19%
The Def Leppard E.P.(1979) Getcha Rocks Off
19%
Diamond Star Halos(2022) Take What You Want
19%
Euphoria(1999) Demolition Man
15%
X(2002) Four Letter Word
15%
On Through the Night(1980) It Could Be You
15%
Slang(1996) Work It Out
15%
Euphoria(1999) 21st Century Sha La La La Girl
12%
Slang(1996) All I Want is Everything
12%
Songs from the Sparkle Lounge(2008) Bad Actress
12%
Slang(1996) Blood Runs Cold
12%
Songs from the Sparkle Lounge(2008) C'mon C'mon
12%
Retro Active(1993) Fractured Love
12%
On Through the Night(1980) It Don't Matter
12%
Euphoria(1999) Kings of Oblivion
12%
Slang(1996) Pearl of Euphoria
12%
Retro Active(1993) Ring of Fire
12%
The Lost Session(2018) Rock On
12%
Adrenalize(Bonus)(1992) | Retro Active(1993) She's Too Tough
12%
Diamond Star Halos(2022) This Guitar
12%
X(2002) Torn to Shreds
12%
Slang(1996) Truth?
12%
X(2002) Unbelievable
12%
Def Leppard(2015) We Belong
12%
On Through the Night(1980) When the Walls Came Tumbling Down
12%
X(2002) You're So Beautiful
12%
Euphoria(1999) Back in Your Face
8%
Songs from the Sparkle Lounge(2008) Come Undone
8%
Euphoria(1999) Day After Day
8%
Slang(1996) Deliver Me
8%
Euphoria(1999) Disintegrate
8%
Def Leppard(2015) Forever Young
8%
Slang(1996) Gift of Flesh
8%
Euphoria(1999) Goodbye
8%
X(2002) Gravity
8%
Euphoria(1999) Guilty
8%
Euphoria(Bonus)(1999) I Am Your Child
8%
Def Leppard(2015) Invincible
8%
Def Leppard(2015) Last Dance
8%
On Through the Night(1980) Rock Off
8%
X(2002) Scar
8%
Def Leppard(2015) Sea of Love
8%
Diamond Star Halos(2022) SOS Emergency
8%
Songs from the Sparkle Lounge(2008) Tomorrow
8%
Slang(1996) Turn to Dust
8%
Diamond Star Halos(2022) U Rok Mi
8%
Def Leppard(2015) Wings of an Angel
8%
Euphoria(1999) All Night
4%
Diamond Star Halos(2022) All We Need
4%
Diamond Star Halos(2022) Angels(Can't Help You Now)
4%
Def Leppard(2015) Broke 'N' Brokenhearted
4%
X(2002) Cry
4%
X(2002) Everyday
4%
Diamond Star Halos(2022) Fire It Up
4%
Retro Active(1993) From the Inside
4%
Diamond Star Halos(2022) Gimme a Kiss
4%
The Story So Far(2018) It's All About Believin'
4%
Retro Active(1993) I Wanna Be Your Hero
4%
The Story So Far(2018) Kings of the World
4%
X(Bonus)(2002) Kiss the Day
4%
X(2002) Let Me Be the One
4%
Diamond Star Halos(2022) Liquid Dust
4%
X(2002) Love Don't Lie
4%
Slang(Bonus)(1996) Move with Me Slowly
4%
The Story So Far(2018) Undefeated
4%
High n' Dry(1981) You Got Me Runnin'
4%
Def Leppard(2015) All Time High
0%
Def Leppard(2015) Battle of My Own
0%
Def Leppard(2015) Blind Faith
0%
Slang(1996) Breathe a Sign
0%
Songs from the Sparkle Lounge(2008) Cruise Control
0%
Def Leppard(2015) Energized
0%
Diamond Star Halos(2022) From Here to Eternity
0%
X(2002) Girl Like You
0%
Diamond Star Halos(2022) Goodbye for Good This Time
0%
Songs from the Sparkle Lounge(2008) Gotta Let It Go
0%
Songs from the Sparkle Lounge(2008) Hallucinate
0%
Euphoria(1999) It's Only Love
0%
Diamond Star Halos(2022) Lifeless
0%
Songs from the Sparkle Lounge(2008) Only the Good Die Young
0%
Diamond Star Halos(2022) Open Your Eyes
0%
Euphoria(1999) To Be Alive
0%
Diamond Star Halos(2022) Unbreakable
0%
Slang(1996) Where Does Love Go When It Dies
0%
Euphoria(Bonus)(1999) Worlds Collide
0%
No matching quizzes found
Score Distribution
Percent of People with Each Score
Percentile by Number Answered
Your Score History
You have not taken this quiz since the last reset